000 00386nam a2200169Ia 4500
003 0STCL
008 150530s9999 xx 000 0 und d
040 _aSTCL
_cSTCL
100 _aOSHO
245 _aTAO The Golden Gate
260 _bJaico publishing house; Mumbai
_c2006
_aMumbai
300 _a0
546 _aEnglish
942 _2ddc
_cBK
999 _c3627
_d3627
005 20220125165336.0